Statystyki dla Postacie z serii "Zwiadowcy"

Kliknij tutaj aby rozwiązać quiz!

Ogólne statystyki

  • Ten quiz został rozwiązany 138 razy
  • Średni wynik to 8 z 11

Statystyki odpowiedzi

PodpowiedźOdpowiedź% Poprawnych
Główny bohater serii, zwiadowcaWill Treaty
99%
Mistrz głównego bohatera, zwiadowcaHalt O'Carrick
95%
Przyjaciel głównego boahatera, rycerzsir Horace Altman
88%
Córka króla, przyszła królowa Araluenu, znana również jako EvanlynCassandra
76%
Początkowo jarl skandyjski, po śmierci Ragnaka wybrany oberjarlemErak Starfollower
75%
Zwiadowca, najlepszy w sztuce skradania jako jedyny ze zwiadowców nosi mieczGilan
74%
Kurierka Służby Dyplomatycznej, przyjaciółka głównego bohateraAlyss Mainwaring (Treaty)
73%
Władca Araluenukról Duncan
73%
Dowódca korpusu zwiadowcówCrowley Meratyn
68%
Baron lenna Redmontbaron Arald
61%
Mistrz sztuk walki w zamku Redmontsir Rodney
48%

Rozkład punktacji

Percentyl według liczby udzielonych odpowiedzi

Procent ludzi z każdym wynikiem

Twoja historia wyników

Nie rozwiązałeś tego quizu